[Event "SF-2013-0-00191"]
[Site "LSS email"]
[Date "2013.03.29"]
[Round "?"]
[White "Kratky, Josef"]
[Black "Van't Hof, Gert"]
[Result "1/2-1/2"]
[WhiteElo "1145"]
[BlackElo "1184"]
[PlyCount "110"]
[EventDate "2013.02.13"]
[EventType "tourn (corr)"]
[EventRounds "6"]
[EventCountry "GER"]
[SourceTitle "Telechess CBM 163"]
[Source "ChessBase"]
[SourceDate "2014.11.11"]
[SourceVersion "2"]
[SourceVersionDate "2014.11.11"]
[SourceQuality "1"]

1. c4 f5 2. h3 d6 3. d4 Nf6 4. g4 fxg4 5. hxg4 Bxg4 6. Qd3 Qd7 7. f3 Bh5 8. Bh3 e6 9. d5 Bg6 10. Qe3 Be7 11. Bxe6 Qa4 12. b3 Qa5+ 13. Bd2 Qb6 14. Qxb6 axb6 15. Nc3 c6 16. e4 Nbd7 17. Nge2 Ne5 18. 0-0 Bf7 19. f4 Nd3 20. Bxf7+ Kxf7 21. Rf3 Nc5 22. e5 Nfe4 23. Nxe4 Nxe4 24. Be1 Ra3 25. e6+ Kg6 26. f5+ Kg5 27. Bb4 Raa8 28. a4 b5 29. cxb5 cxb5 30. a5 b6 31. a6 Nc5 32. Bxc5 bxc5 33. a7 Bf6 34. Ra5 Rhc8 35. Rf1 Rc7 36. Rxb5 Rcxa7 37. Ng3 Bd4+ 38. Kg2 Kg4 39. Ne2 Be5 40. b4 Ra2 41. Rf2 Bd4 42. Nxd4 Rxf2+ 43. Kxf2 cxd4 44. Rb7 Ra2+ 45. Ke1 Kxf5 46. Rxg7 Ke5 47. e7 Ra8 48. Rxh7 Kxd5 49. Rf7 Re8 50. Kd2 Kc4 51. Rf6 Rxe7 52. Rxd6 Rb7 53. Rc6+ Kd5 54. Rc8 Rxb4 55. Rd8+ Ke4 1/2-1/2

[Event "CP-2012-P-00015"]
[Site "LSS email"]
[Date "2012.10.01"]
[Round "?"]
[White "Tarasov, Grigory Aleksandrov"]
[Black "Van't Hof, Gert"]
[Result "1-0"]
[WhiteElo "1906"]
[BlackElo "1184"]
[PlyCount "53"]
[EventDate "2012.10.05"]
[EventType "tourn (corr)"]
[EventRounds "6"]
[EventCountry "GER"]
[SourceTitle "Telechess CBM 163"]
[Source "ChessBase"]
[SourceDate "2014.11.11"]
[SourceVersion "2"]
[SourceVersionDate "2014.11.11"]
[SourceQuality "1"]

1. e4 c6 2. d4 d5 3. e5 c5 4. dxc5 e6 5. Be3 Nh6 6. Nf3 Nf5 7. Bg5 Qa5+ 8. c3 Qxc5 9. Bd3 h6 10. Bc1 Qa5 11. 0-0 Nc6 12. Nbd2 Be7 13. Nb3 Qd8 14. Re1 a5 15. a4 0-0 16. Bf4 Re8 17. h3 Qb6 18. Re2 Bd7 19. Bc2 Rac8 20. g4 Nh4 21. Nxh4 Bxh4 22. Qd3 g6 23. Bxh6 Kh7 24. g5 Ne7 25. Qf3 Nf5 26. Bxf5 gxf5 27. Qh5 1-0

[Event "SF-2012-0-00160"]
[Site "LSS email"]
[Date "2012.08.14"]
[Round "?"]
[White "Van't Hof, Gert"]
[Black "Winter, Malcolm J"]
[Result "1-0"]
[WhiteElo "1131"]
[BlackElo "1175"]
[PlyCount "75"]
[EventDate "2012.07.21"]
[EventType "tourn (corr)"]
[EventRounds "6"]
[EventCountry "GER"]
[SourceTitle "Telechess CBM 159"]
[Source "ChessBase"]
[SourceDate "2014.03.17"]
[SourceVersion "1"]
[SourceVersionDate "2014.03.17"]
[SourceQuality "1"]

1. e4 c6 2. d4 d5 3. Nc3 b5 4. a3 dxe4 5. Nxe4 Nf6 6. Nxf6+ exf6 7. c3 Bf5 8. Qf3 Bg6 9. Bxb5 Qe7+ 10. Be2 Qe6 11. Nh3 Bd6 12. Nf4 Qf5 13. 0-0 0-0 14. d5 cxd5 15. Nxg6 hxg6 16. Qxf5 gxf5 17. Bf3 Nd7 18. Bxd5 Rac8 19. Be3 Nb6 20. Rad1 Nxd5 21. Rxd5 Bb8 22. Rxf5 Rfd8 23. Rc5 Rxc5 24. Bxc5 Rd2 25. Rb1 a6 26. Be3 Rd7 27. Kf1 g5 28. Ke2 Kg7 29. a4 Kg6 30. b4 Be5 31. c4 Kf5 32. c5 Ke6 33. b5 axb5 34. axb5 Rb7 35. c6 Rb8 36. b6 Ke7 37. b7 Bc7 38. Ba7 1-0

[Event "IECC KO-5072"]
[Site "IECC email"]
[Date "2010.02.03"]
[Round "?"]
[White "Van't Hof, Gert"]
[Black "D'Aragona, Vittoria"]
[Result "1/2-1/2"]
[WhiteElo "1602"]
[BlackElo "1419"]
[PlyCount "66"]
[EventDate "2009.??.??"]
[EventType "match (corr)"]
[EventRounds "2"]
[SourceTitle "Telechess CBM 149"]
[Source "ChessBase"]
[SourceDate "2012.07.17"]
[SourceVersion "1"]
[SourceVersionDate "2012.07.17"]
[SourceQuality "1"]
[WhiteTeam "Netherlands"]
[BlackTeam "Italy"]
[WhiteTeamCountry "NED"]
[BlackTeamCountry "ITA"]

1. e4 e6 2. d4 d5 3. Nc3 Bb4 4. Nge2 dxe4 5. a3 Ba5 6. b4 Bb6 7. Nxe4 Nf6 8. Bg5 Nbd7 9. c4 a6 10. N2c3 h6 11. Bh4 Ba7 12. Be2 g5 13. Bg3 Nxe4 14. Nxe4 f5 15. Bh5+ Ke7 16. d5 fxe4 17. d6+ cxd6 18. Bxd6+ Kf6 19. Qg4 Ne5 20. Bxe5+ Kxe5 21. Rd1 Qf8 22. Qg3+ Kf6 23. f3 e3 24. f4 Kg7 25. Rf1 Bb8 26. Qxe3 gxf4 27. Qe2 Qf6 28. g3 Bc7 29. gxf4 Rf8 30. Rd3 Bxf4 31. Rdf3 e5 32. Rg1+ Kh8 33. Rg6 Qh4+ 1/2-1/2

[Event "LSS No Engine Cup Gr02 prel 04 email"]
[Site "LSS email"]
[Date "2009.07.02"]
[Round "?"]
[White "Van't Hof, Gert"]
[Black "Ranganathan, Raman"]
[Result "1-0"]
[WhiteElo "1014"]
[BlackElo "1396"]
[PlyCount "93"]
[EventDate "2009.07.03"]
[EventType "tourn (corr)"]
[EventRounds "6"]
[EventCountry "GER"]
[SourceTitle "Telechess CBM 135"]
[Source "ChessBase"]
[SourceDate "2010.03.17"]
[SourceVersion "1"]
[SourceVersionDate "2010.03.17"]
[SourceQuality "1"]

1. e4 e5 2. f4 exf4 3. Nf3 Nc6 4. d4 d5 5. exd5 Qxd5 6. Bxf4 Qe4+ 7. Qe2 Qxe2+ 8. Bxe2 Be6 9. Bxc7 f6 10. Nc3 Bd7 11. Ne4 Nb4 12. Kd2 a6 13. c3 Nd5 14. Bg3 Rc8 15. Rae1 Kd8 16. Rhf1 Rc6 17. Ne5 fxe5 18. Rxf8+ Ke7 19. Ref1 Ndf6 20. Nxf6 gxf6 21. Rb8 exd4 22. cxd4 h5 23. Bd1 h4 24. Bf4 Kf7 25. Rxb7 Ke8 26. Ba4 h3 27. gxh3 Rxh3 28. Rxd7 Kxd7 29. d5 Ne7 30. dxc6+ Nxc6 31. Rc1 Rh4 32. Rxc6 Rxf4 33. Rc4+ Ke6 34. Rxf4 f5 35. Ke3 Ke5 36. Bc2 a5 37. Rxf5+ Ke6 38. h4 a4 39. h5 a3 40. bxa3 Ke7 41. h6 Ke6 42. h7 Ke7 43. h8Q Ke6 44. Qf6+ Kd7 45. Re5 Kc7 46. Re7+ Kd8 47. Qf8# 1-0

[Event "Rhein Main op 12th"]
[Site "Bad Homburg"]
[Date "2009.06.14"]
[Round "7"]
[White "Van 't Hof, Gert"]
[Black "Mertens, Klaus"]
[Result "1/2-1/2"]
[WhiteElo "1783"]
[BlackElo "2075"]
[PlyCount "73"]
[EventDate "2009.06.10"]
[EventType "swiss"]
[EventRounds "7"]
[EventCountry "GER"]
[SourceTitle "CBM 131 Extra"]
[Source "ChessBase"]
[SourceDate "2009.09.03"]
[SourceVersion "2"]
[SourceVersionDate "2009.09.16"]
[SourceQuality "1"]

1. e4 c5 2. Nf3 e6 3. d4 cxd4 4. Nxd4 a6 5. Nc3 Qc7 6. Bd3 Nf6 7. 0-0 d6 8. Be3 Nbd7 9. f4 b6 10. Qf3 Bb7 11. Kh1 Rc8 12. Rae1 Qb8 13. Bg1 Be7 14. Qh3 g6 15. Re2 Nc5 16. Bc4 b5 17. e5 bxc4 18. exf6 Bxf6 19. f5 0-0 20. fxg6 fxg6 21. Nxe6 Nxe6 22. Qxe6+ Kg7 23. Ref2 Rce8 24. Qxc4 Qa8 25. Qc7+ Kh6 26. h3 Be5 27. Qc4 Bg3 28. Rd2 Rxf1 29. Qxf1 Re1 30. Qd3 Qa7 31. Qd4 Qxd4 32. Rxd4 Be5 33. Rd3 Rc1 34. Rd2 Kg7 35. Ne2 Ra1 36. Nc3 Kf7 37. Rd1 1/2-1/2

[Event "Rhein Main op 12th"]
[Site "Bad Homburg"]
[Date "2009.06.11"]
[Round "2"]
[White "Gruettner, Ralf"]
[Black "Van 't Hof, Gert"]
[Result "1-0"]
[WhiteElo "2100"]
[BlackElo "1783"]
[PlyCount "65"]
[EventDate "2009.06.10"]
[EventType "swiss"]
[EventRounds "7"]
[EventCountry "GER"]
[SourceTitle "CBM 131 Extra"]
[Source "ChessBase"]
[SourceDate "2009.09.03"]
[SourceVersion "2"]
[SourceVersionDate "2009.09.16"]
[SourceQuality "1"]

1. e4 c5 2. Nf3 d6 3. d4 cxd4 4. Nxd4 Nf6 5. Nc3 a6 6. Bg5 e6 7. Qd2 Be7 8. 0-0-0 Nbd7 9. f3 Qc7 10. Kb1 Ne5 11. f4 Ned7 12. g4 b5 13. Bg2 Bb7 14. Rhe1 Rc8 15. Qe2 b4 16. Nd5 exd5 17. exd5 0-0 18. Qxe7 Rfe8 19. Bxf6 Rxe7 20. Bxe7 Nb6 21. Nc6 Nxd5 22. Bxd5 Bxc6 23. Bxd6 Qb7 24. Re7 Qa8 25. Bxf7+ Kh8 26. Be5 a5 27. Be6 Rg8 28. Bxg8 Kxg8 29. Rxg7+ Kf8 30. Rxh7 Qa6 31. g5 Qe2 32. Rd8+ Be8 33. b3 1-0

[Event "LSS CP-2008-P-00031"]
[Site "LSS email"]
[Date "2008.10.01"]
[Round "?"]
[White "Van't Hof, Gert"]
[Black "Ling, Anthony J"]
[Result "0-1"]
[WhiteElo "1025"]
[BlackElo "1744"]
[PlyCount "62"]
[EventDate "2008.10.01"]
[EventType "tourn (corr)"]
[EventRounds "6"]
[EventCountry "GER"]
[SourceTitle "Corr 2011"]
[Source "ChessBase"]
[SourceDate "2010.08.31"]
[SourceVersion "1"]
[SourceVersionDate "2010.08.31"]
[SourceQuality "1"]

1. e4 e6 2. d4 d5 3. Nc3 Nf6 4. Bg5 Bb4 5. Nge2 dxe4 6. a3 Bd6 7. Nxe4 Be7 8. Bxf6 Bxf6 9. g3 Nc6 10. c3 0-0 11. Bg2 e5 12. d5 Nb8 13. c4 Be7 14. b4 f5 15. N4c3 a5 16. c5 axb4 17. axb4 Rxa1 18. Qxa1 Na6 19. Qb2 b6 20. cxb6 Nxb4 21. bxc7 Qxc7 22. 0-0 Ba6 23. Rd1 Rb8 24. Qd2 Nd3 25. Qa2 Qd6 26. Rb1 Rxb1+ 27. Qxb1 Qc5 28. Qf1 e4 29. Nd1 Bg5 30. h4 Bd2 31. Kh2 Nc1 0-1

[Event "IECC Swiss-507.4"]
[Site "IECC email"]
[Date "2007.05.13"]
[Round "?"]
[White "Heyboer, Peter J"]
[Black "Van't Hof, Gert"]
[Result "0-1"]
[WhiteElo "1449"]
[BlackElo "1569"]
[PlyCount "58"]
[EventDate "2007.??.??"]
[EventType "tourn (corr)"]
[EventRounds "1"]
[SourceTitle "Corr 2011"]
[Source "ChessBase"]
[SourceDate "2010.08.31"]
[SourceVersion "1"]
[SourceVersionDate "2010.08.31"]
[SourceQuality "1"]
[WhiteTeam "US of America"]
[BlackTeam "Hungary"]
[WhiteTeamCountry "USA"]
[BlackTeamCountry "HUN"]

1. e4 c5 2. Nf3 d6 3. Nc3 Nf6 4. Bc4 e6 5. 0-0 Be7 6. d4 cxd4 7. Nxd4 0-0 8. Bb3 Na6 9. f4 Nc5 10. Qf3 a6 11. Be3 Qc7 12. g4 b5 13. g5 Nfxe4 14. Nxe4 Bb7 15. Nxe6 Nxe6 16. Rad1 Nc5 17. Bd5 Bxd5 18. Rxd5 Rfe8 19. Ng3 Na4 20. Bc1 Qxc2 21. Rd2 Qc7 22. b3 Nc5 23. Rc2 b4 24. Bb2 Qd7 25. Nh5 Bf8 26. Rg2 Ne4 27. Rc1 d5 28. f5 d4 29. Rc4 Nc3 0-1